000 00573nam a2200229Ia 4500
003 OSt
005 20221005133233.0
006 a|||||r|||| 00| 0
007 ta
008 221004b |||||||| |||| 00| 0 eng d
024 _a59923
037 _cTextual
040 _aCRL
_cCRL
_beng
041 _2eng
_aeng
082 _aO111,3M17,1, 33K4
100 _aThoreau Henry david
245 0 _aWalden
260 _c1964
650 _aENGLISH LITERATURE
942 _hO111,3M17,1, 33K4
_cTEXL
_2cc
999 _c1066216
_d1066216